书目信息 |
| 题名: |
多媒体课件设计与制作
|
|
| 作者: | 范宇 , 李光明 , 易康 编著 | |
| 分册: | ||
| 出版信息: | 北京 冶金工业出版社 2003.01 |
|
| 页数: | 404页 | |
| 开本: | 26cm | |
| 丛书名: | ||
| 单 册: | ||
| 中图分类: | TP391.7 | |
| 科图分类: | ||
| 主题词: | 计算机应用 | |
| 电子资源: | ||
| ISBN: | 7-5024-3145-4 | |
| 000 | 00670nam0 2200217 45 | |
| 001 | 0457983968 | |
| 005 | 20080228150927.45 | |
| 010 | @a7-5024-3145-4@dCNY 39.00 | |
| 100 | @a20040520d2003 km y0chiy0120 ea | |
| 101 | 0 | @achi |
| 102 | @aCN@b110000 | |
| 200 | 1 | @a多媒体课件设计与制作@Aduo mei ti ke jian she ji yu zhi zuo@f易康,范宇,李光明编著@Fyi kang,fan yu,li guang ming bian zhu |
| 210 | @a北京@c冶金工业出版社@d2003.01 | |
| 215 | @a404页@d26cm | |
| 606 | 0 | @a计算机应用 |
| 690 | 1 | @aTP391.7@v4 |
| 701 | 0 | @a范宇@Afan yu@4编著 |
| 701 | 0 | @a李光明@Ali guang ming@4编著 |
| 701 | 0 | @a易康@Ayi kang@4编著 |
| 801 | 0 | @aCN@bPFT@c20080228 |
| 905 | @a10447@dTP391.7@eY549 | |
| 多媒体课件设计与制作/易康,范宇,李光明编著.-北京:冶金工业出版社,2003.01 |
| 404页;26cm |
| ISBN 7-5024-3145-4:CNY 39.00 |
| ● |
| 相关链接 |
|
|
|
正题名:多媒体课件设计与制作
索取号:TP391.7/Y549
 
预约/预借
| 序号 | 登录号 | 条形码 | 馆藏地/架位号 | 状态 | 备注 |
| 1 | 376149 | 203761492 | 期刊室512/301自科库 108排2列4层/ [索取号:TP391.7/Y549] | 在馆 | |
| 2 | 376150 | 203761508 | 期刊室512/301自科库 108排2列4层/ [索取号:TP391.7/Y549] | 在馆 | |
| 3 | 478706 | 204787061 | 期刊室512/ [索取号:TP391.7/Y549] | 在馆 |